| 000 | 00493nam a2200181 a 4500 | ||
|---|---|---|---|
| 005 | 20220816113825.0 | ||
| 008 | 991125c1979 new 000 0 spa u | ||
| 020 | _a0470267852 | ||
| 035 | _aUPN01000049889 | ||
| 049 | _aCG | ||
| 050 | 4 |
_aBF109 A1 _bC6.6 |
|
| 100 | 1 | _aCoan, Richard W. | |
| 245 | 1 | 0 |
_aPsychologists : _bpersonal and theoretical pathways / _cRichard W. Coan. |
| 260 |
_aNew York : _bIrvington, _c1979. |
||
| 300 | _a195 p. | ||
| 650 | 7 |
_aPsicólogos _2 _915342 |
|
| 905 | _aLibro | ||
| 999 |
_c49889 _d49889 |
||